Sports Quiz

Random Sports or MLB Quiz

MLB Most Games Hitting Leadoff By Franchise Quiz Stats

 Plays Quiz not verified by Sporcle

Score 0/30 Timer 06:00
0 Plays Today
Team (Games Started) Player % Correct
Oakland A's (1634)Ricky Henderson
89.8%
Philadelphia Phillies (1437)Jimmy Rollins
88.4%
Seattle Mariners (1751)Ichiro Suzuki
88.2%
Houston Astros (1560)Craig Biggio
85.7%
New York Mets (945)Jose Reyes
82.9%
Cincinnati Reds (1979)Pete Rose
80%
Cleveland Indians (1175)Kenny Lofton
78.2%
Milwaukee Brewers (1570)Paul Molitor
77.3%
Tampa Bay Rays (365)Carl Crawford
74.5%
St. Louis Cardinals (1709)Lou Brock
71.5%
Texas Rangers (640)Ian Kinsler
67.9%
Detroit Tigers (911)Lou Whitaker
66.7%
Washington Nationals (906)Tim Raines
65.7%
Baltimore Orioles (1281)Brady Anderson
62.9%
Kansas City Royals (1321)Willie Wilson
62.5%
Team (Games Started) Player % Correct
Colorado Rockies (467)Eric Young
61.8%
Atlanta Braves (722)Rafael Furcal
55.2%
Miami Marlins (688)Luis Castillo
52.2%
Los Angeles Dodgers (1276)Maury Wills
49.6%
Pittsburgh Pirates (1151)Lloyd Waner
47.8%
Chicago White Sox (768)Luis Aparicio
47.7%
Arizona Diamondbacks (492)Tony Womack
47.6%
Los Angeles Angels 672)Sandy Alomar
43.9%
Boston Red Sox (1035)Dom DiMaggio
36.7%
New York Yankees (1059)Earle Combs
26%
Toronto Blue Jays (756)Shannon Stewart
23.9%
San Diego Padres (631)Gene Richards
9.7%
Chicago Cubs (1358)Stan Hack
8.9%
Minnesota Twins (1415)Eddie Yost
6.5%
San Francisco Giants (824)Jo-Jo Moore
2.3%

You're not logged in!

Compare scores with friends on all Sporcle quizzes.
Join for Free
OR
Log In

You Might Also Like...

Show Comments

Extras

Top Quizzes Today


Score Distribution

Your Account Isn't Verified!

In order to create a playlist on Sporcle, you need to verify the email address you used during registration. Go to your Sporcle Settings to finish the process.

Report this User

Report this user for behavior that violates our Community Guidelines.

Details: